Normal view MARC view
  • Conciencia de sí mismo (Conocimiento)

Entry Materia

Number of records used in: 35

001 - NÚMERO DE CONTROL DEL REGISTRO

  • campo de control: 13608

003 - IDENTIFICADOR DE NUMERO DE CONTROL

  • campo de control: UPN

005 - FECHA Y HORA DE LA ÚLTIMA TRANSACCIÓN

  • campo de control: 20230321120656.0

008 - DATOS DE LONGITUD FIJA

  • campo de control de longitud fija: nabaccnnaabn|||||||||| b |nc|||||d

035 ## - NÚMERO DE CONTROL DEL SISTEMA

  • Número de control del sistema: UPN10000013616

040 ## - FUENTE DE LA CATALOGACIÓN

  • Lengua de catalogación: spa
  • Agencia de transcripción: UPN
  • Centro catalogador de origen: UPN

046 ## - FECHAS CON CODIFICACIÓN ESPECIAL

  • Fecha final para contenidos agregados: 2023

150 ## - ENCABEZAMIENTO - TEMÁTICO

  • Término de materia o nombre geográfico como elemento inicial: Conciencia de sí mismo (Conocimiento)

450 ## - VÉASE - MATERIA

  • Encabezamiento temático: Autoconciencia

670 ## - FUENTE EN LA QUE SE LOCALIZARON DATOS

  • Cita de la fuente: LC
  • Información localizada: Self-consciousness (Awareness)

680 ## - NOTA GENERAL CON DESPLIEGUE PÚBLICO

  • Texto explicativo: Aquí se asientan las obras que tratan sobre la conciencia, que los seres humanos, tienen de si mismos. Las obras acerca de la apariencia, comportamiento u otros atributos y la preocupación excesiva por la impresión que uno haca en otros, se asentarán bajo
  • Encabezamiento: CONCIENCIA DE SI MISMO (SENSIBILIDAD)

902 ## - CATALOGADOR

  • Catalogador: BDV/191009